Top 20 Laghi più estesi d'Italia - Statistics

Statistiche generali
  • Questo quiz è stato fatto 569 volte
  • Il punteggio medio è 9 su 20
Statistiche sulle risposte
Area (km²) Regioni confinanti Lago % Corretto
370 Lombardia, Veneto, Trentino-Alto Adige Garda
97%
145,9 Lombardia Como
94%
212,2 Lombardia, Piemonte, Svizzera Maggiore
94%
128 Umbria Trasimeno
79%
65,3 Lombardia Iseo
76%
114,5 Lazio Bolsena
67%
57,5 Lazio Bracciano
60%
50,5 Lombardia, Svizzera Lugano
52%
18,2 Piemonte Orta
39%
15 Lombardia Varese
36%
51,4 Puglia Lesina
34%
60,5 Puglia Varano
33%
10,9 Lombardia, Trentino-Alto Adige Idro
27%
12,1 Lazio Vico
24%
22 Sardegna Lago Omodeo
13%
17,9 Sardegna Lago Coghinas
11%
6,9 Toscana Massaciuccoli
11%
14 Abruzzo Campotosto (L'Aquila)
10%
7,8 Veneto Santa Croce
9%
9,3 Basilicata Riserva regionale San Giuliano
5%
Nessun quiz corrispondente trovato
Distribuzione punteggi
Percentuale di utenti per punteggio
Percentile per numero di risposta
I tuoi punteggi nel tempo
Non hai fatto questo quiz